Statistics for Top 25 Trading Partners - Turkey

Click here to take the quiz!

General Stats

  • This quiz has been taken 44 times
  • The average score is 45 of 50

Answer Stats

HintAnswer% Correct
2nd Place: 20,719China
100%
16th Place: 2,915China
100%
7th Place: 7,296France
98%
8th Place: 7,412France
98%
1st Place: 16,144Germany
98%
3rd Place: 20,407Germany
98%
3rd Place: 9,566Italy
98%
5th Place: 10,154Italy
98%
12th Place: 4,124Japan
98%
12th Place: 3,401Russia
98%
1st Place: 21,989Russia
98%
4th Place: 12,377United States of America
98%
5th Place: 8,306United States of America
98%
9th Place: 6,931Iran
95%
19th Place: 2,393Iran
95%
11th Place: 5,492Spain
95%
6th Place: 7,710Spain
95%
7th Place: 7,446United Kingdom
95%
2nd Place: 11,113United Kingdom
95%
15th Place: 3,055Egypt
93%
24th Place: 2,190Egypt
93%
20th Place: 2,089Greece
93%
6th Place: 7,535India
93%
4th Place: 8,350Iraq
93%
22nd Place: 1,990Morocco
93%
8th Place: 4,778Netherlands
93%
15th Place: 3,304Netherlands
93%
21st Place: 2,031Algeria
90%
18th Place: 2,636Saudi Arabia
90%
23rd Place: 2,318Saudi Arabia
90%
13th Place: 3,780United Arab Emirates
90%
14th Place: 3,138United Arab Emirates
90%
14th Place: 3,571Belgium
88%
9th Place: 3,952Belgium
88%
22nd Place: 2,445Romania
86%
11th Place: 3,876Romania
86%
10th Place: 6,342South Korea
86%
20th Place: 2,645Ukraine
86%
10th Place: 3,900Israel
83%
18th Place: 2,818Switzerland
83%
23rd Place: 1,738Switzerland
83%
16th Place:3,257Brazil
81%
21st Place: 2,501Bulgaria
81%
17th Place: 2,670Bulgaria
81%
13th Place: 3,347Poland
79%
17th Place: 3,101Poland
79%
24th Place: 1,498Libya
69%
25th Place: 1,480Sweden
69%
19th Place: 2,650Czech Republic
62%
25th Place: 2,132Malaysia
62%

Score Distribution

Percentile by Number Answered

Percent of People with Each Score

Your Score History

You have not taken this quiz